Spy Catcher (Record no. 187180)

000 -LEADER
fixed length control field 00344 a2200157 4500
003 - CONTROL NUMBER IDENTIFIER
control field Nust
005 - DATE AND TIME OF LATEST TRANSACTION
control field 20170207153458.0
040 ## - CATALOGING SOURCE
Transcribing agency Nust
082 ## - DEWEY DECIMAL CLASSIFICATION NUMBER
Classification number 920
100 ## - MAIN ENTRY--PERSONAL NAME
Personal name Wright, peter
245 ## - TITLE STATEMENT
Title Spy Catcher
Statement of responsibility, etc. Peter Wright
260 ## - PUBLICATION, DISTRIBUTION, ETC.
Name of publisher, distributor, etc. Army Education Press
Date of publication, distribution, etc. 1991
300 ## - PHYSICAL DESCRIPTION
Extent 380:p
538 ## - SYSTEM DETAILS NOTE
System details note Almirah No.60 Shelf No.4
650 ## - SUBJECT ADDED ENTRY--TOPICAL TERM
Topical term or geographic name entry element Spy Catcher
942 ## - ADDED ENTRY ELEMENTS (KOHA)
Source of classification or shelving scheme
Koha item type Book
Holdings
Withdrawn status Lost status Source of classification or shelving scheme Damaged status Not for loan Collection code Permanent Location Current Location Date acquired Total Checkouts Full call number Barcode Date last seen Price effective from Koha item type
            Military College of Signals (MCS) Military College of Signals (MCS) 12/12/2016   920 WRI MCS21650 12/08/2016 12/12/2016 Book
© 2023 Central Library, National University of Sciences and Technology. All Rights Reserved.